Moción de la Presidencia a la Excelentísima Diputación referente al servicio de investigación de bienes de la Beneficencia Provincial. (Record no. 132302)
[ view plain ]
| 000 -LEADER | |
|---|---|
| campo de control de longitud fija | 00701nam a2200193 i 4500 |
| 001 - NÚMERO DE CONTROL | |
| campo de control | 132302 |
| 003 - IDENTIFICADOR DE NÚMERO DE CONTROL | |
| campo de control | ES-MaACL |
| 005 - FECHA Y HORA DE LA ÚLTIMA TRANSACCIÓN | |
| campo de control | 20230906194139.0 |
| 007 - CAMPO FIJO DE DESCRIPCIÓN FÍSICA--INFORMACIÓN GENERAL | |
| campo de control de longitud fija | t| |
| 008 - DATOS DE LONGITUD FIJA--INFORMACIÓN GENERAL | |
| campo de control de longitud fija | 070214s1901 sp r ||||1| spa d |
| 110 1# - ENTRADA PRINCIPAL--NOMBRE DE ENTIDAD CORPORATIVA | |
| Nombre de entidad corporativa o nombre de jurisdicción como elemento de entrada | Madrid (Provincia). |
| Unidad subordinada | Diputación Provincial. |
| 9 (RLIN) | 134671 |
| 245 10 - MENCIÓN DEL TÍTULO | |
| Título | Moción de la Presidencia a la Excelentísima Diputación referente al servicio de investigación de bienes de la Beneficencia Provincial. |
| 260 ## - PUBLICACIÓN, DISTRIBUCIÓN, ETC. | |
| Lugar de publicación, distribución, etc. | Madrid : |
| Nombre del editor, distribuidor, etc. | Escuela Tipolitográfica del Hospicio, |
| Fecha de publicación, distribución, etc. | 1901. |
| 300 ## - DESCRIPCIÓN FÍSICA | |
| Extensión | 203 p. ; |
| Dimensiones | 23 cm. |
| 505 8# - NOTA DE CONTENIDO CON FORMATO | |
| Nota de contenido con formato | Contiene: T. I |
| 594 ## - Nota al título y mención de responsabilidad | |
| Nota al título y mención de responsabilidad | En p. 13, el Presidente: Francisco Romero. |
| 650 #4 - PUNTO DE ACCESO ADICIONAL DE MATERIA--TÉRMINO DE MATERIA | |
| Término de materia o nombre geográfico como elemento de entrada | Beneficencia- |
| Subdivisión geográfica | Madrid. |
| 9 (RLIN) | 150492 |
| 852 ## - LOCALIZACIÓN | |
| Ubicación | ES-MaACL |
| Número de control de estantería | T-985-F-6 |
| Estatus retirado | Estado de pérdida | Estado de daño | No para préstamo | Colección | Biblioteca de origen | Biblioteca actual | Ubicación en estantería | Fecha de adquisición | Fuente de adquisición | Total de préstamos | Signatura topográfica completa | Código de barras | Visto por última vez | Precio de reemplazo | Tipo de ítem Koha |
|---|---|---|---|---|---|---|---|---|---|---|---|---|---|---|---|
| Colección de folletos | Biblioteca del Ateneo de Madrid | Biblioteca del Ateneo de Madrid | Depósito folletos | 17/01/2008 | T-985-F-6 | 1137739 | 23/02/2023 | 23/02/2023 | Folleto |
